000 00896cam a2200229 4500
001 WB3816-08
008 020429n2002 000 0 eng u
035 _a(Sirsi) u117746
245 _aRents set for increase
260 _c2002
490 _aRetail Week
_v26 April 2002, 23(1)
520 _aTown centres are attracting back retailers from out-of-town shopping centres which is having a major impact on rents in both locations and the rent review process. Suggests that retailers should ask a number of questions to avoid getting duped on lease terms or rent.
590 _aWB
650 _aPROPERTY-COMMERCIAL PROPERTY-RETAIL PROPERTY-RETAIL PROPERTY MARKET
650 _aTOWN CENTRES
650 _aOUT OF TOWN SHOPPING CENTRES
650 _aRETAIL RENTS
650 _aRETAILERS
650 _aRENT REVIEW
690 _aPROPERTY-COMMERCIAL PROPERTY-RETAIL PROPERTY
942 _n0
999 _c70111
_d70111